Nalaganje...

Vanishing shangrilla : historyof Tibet and Dalai Lamas in 20th centuary /

Bibliografske podrobnosti
Glavni avtor: Raghavan, K N
Format: Printed Book
Jezik:English
Izdano: Kozhikodse: The book people, 2016.
Teme:
LEADER 00640 a2200169 4500
008 170811b xxu||||| |||| 00| 0 eng d
999 |c 114816  |d 114816 
020 |a 9789385263677 
082 |a 951.504 
100 |a Raghavan, K N 
245 |a Vanishing shangrilla :  |b historyof Tibet and Dalai Lamas in 20th centuary /  |c K N Raghavan 
260 |b The book people,  |c 2016.  |a Kozhikodse: 
300 |a 262p.  |c 23cm. 
500 |a Includes bibliography. 
650 |a China--Tibet Autonomous Region 
942 |2 ddc  |c BK 
952 |0 0  |1 0  |4 0  |6 951_504000000000000_RAG_V  |7 0  |9 122307  |a UL  |b UL  |c ST1  |d 2017-04-20  |e 176  |g 381.50  |l 0  |o 951.504 RAG/V  |p 96374  |r 2017-04-20  |v 545.00  |y BK